banner koha

Metodologia para a criacao massal de "moxa das frutas" do genero Anastrepha com dieta artificial (Registro n. 123114)

MARC details
000 -LÍDER
campo de controle de tamanho fixo 00969nas a2200301 4500
001 - NÚMERO DE CONTROLE
campo de controle BR8802847
003 - IDENTIFICADOR DO NÚMERO DE CONTROLE
campo de controle BR-BrBNA
005 - DATA E HORÁRIO DA ÚLTIMA TRANSAÇÃO
campo de controle 20231205091138.0
007 - CAMPO FIXO DE DESCRIÇÃO FÍSICA--INFORMAÇÃO GERAL
campo de controle de tamanho fixo ta
008 - CAMPO DE DADOS FIXOS--INFORMAÇÃO GERAL
campo de controle de tamanho fixo 230509b bl.|||p| |||| 00| 00por d
040 ## - FONTE DA CATALOGAÇÃO
Instituição da catalogação original BR-BrBNA
Idioma da catalogação por
Instituição que transcreveu o registro Biblioteca Nacional de Agricultura
041 ## - CÓDIGO DE IDIOMA
Código do idioma do texto/trilha sonora ou título diferente (Pt)
072 ## - CÓDIGO DE CATEGORIA DE ASSUNTO
Código de Categoria de Assunto H10
100 1# - ENTRADA PRINCIPAL--NOME PESSOAL
Nome pessoal Petelincar, I.M.
100 1# - ENTRADA PRINCIPAL--NOME PESSOAL
Nome pessoal Aranha, V.L.S. dos S.
100 1# - ENTRADA PRINCIPAL--NOME PESSOAL
Nome pessoal Raga, A.
100 1# - ENTRADA PRINCIPAL--NOME PESSOAL
Nome pessoal Watanabe, K.
100 1# - ENTRADA PRINCIPAL--NOME PESSOAL
Nome pessoal Calza, R.
100 1# - ENTRADA PRINCIPAL--NOME PESSOAL
Nome pessoal Vecchiato, M.H.
100 1# - ENTRADA PRINCIPAL--NOME PESSOAL
Nome pessoal Syplicy Filho, N.
245 1# - TÍTULO
Título Metodologia para a criacao massal de "moxa das frutas" do genero Anastrepha com dieta artificial
246 1# - FORMA VARIANTE DO TÍTULO
Título/título abreviado Methodology for mass rearing of fruit flies of the genus Anastrepha on artificial diet
650 ## - ASSUNTO--TERMO TÓPICO
Cabeçalho tópico ou nome geográfico MOSCA DAS FRUTAS
650 ## - ASSUNTO--TERMO TÓPICO
Cabeçalho tópico ou nome geográfico CRIACAO MASSAL
773 0# - ENTRADA ANALÍTICA
Título Biologico (Brazil)
ISSN - International Standard Serial Number ISSN 0366-0567
Partes relacionadas (Aug 1985), v. 51(8) p. 209-214
Número de controle do registro BR8802847
909 ## -
-- 202311
-- Lúcia
-- 55
-- Lúcia Elande
942 ## - ELEMENTOS DE ENTRADA ADICIONADOS (KOHA)
Fonte da classificação ou esquema de arquivamento na estante Classificação AGRIS
Ocultar no OPAC Não
Tipo de material Koha Analítica
Exemplares
Situação do descarte Fonte da classificação ou esquema de arquivamento na estante Situação física Não pode ser emprestado Biblioteca de origem Biblioteca atual Localização na estante Enumeração do periódico / cronologia Total de empréstimos Data de último acesso Número do exemplar Tipo de material Koha Fonte de aquisição
  Classificação AGRIS   Consulta local Biblioteca Nacional de Agricultura - Binagri Biblioteca Nacional de Agricultura - Binagri   (Aug 1985), v. 51(8) p. 209-214   29/11/2023 01 Periódicos Portaria Interministerial nº 164/94

BINAGRI

Telefone: (61)3218-2567/2388/3357/2097 - binagri@agro.gov.br

Ministério da Agricultura e Pecuária , Esplanada dos Ministérios, Bloco D, Anexo B, Brasília/DF, CEP: 70.043-900